000 01411nam a2200361 i 4500
005 20220317002027.0
007 ta
008 201110s2019 ck a br 000 1dspa d
020 _a9789580010159
040 _aCO-BoRNBP
_bspa
_erda
_cCO-BoRNBP
041 0 _aspa
084 _aLM GAR3
100 1 _aGarcía Domínguez, Ramón
_d1946-
_eautor
245 1 1 _a¡Por todos los dioses!
_cRamón García Domínguez ; ilustraciones de Felipe Camargo
250 _aSegunda edición
264 1 _aBogotá
_bEducactiva
_bNorma
_c2019
300 _a101 páginas
_bilustraciones a color
_c20 cm
336 _2rdacontent
_atexto
_btxt
337 _2rdamedia
_asin mediación
_bn
338 _2rdacarrier
_avolumen
_bnc
490 0 _aTorre de papel.
_aTorre amarilla
521 _aRecomendado para un público infantil mayor de 9 años
545 _aIncluye datos biográficos del autor e ilustrador al final del texto
600 0 _aHomero
_dca. siglo VIII a. C.
_tOdisea
_xAdaptaciones literarias
_9158313
600 0 _aHomero
_dca. siglo VIII a. C.
_tLa Iliada
_xAdaptaciones literarias
_9158314
650 1 7 _2LEMB
_aLeyendas infantiles españolas
_ySiglo XX
650 1 7 _2LEMB
_aLiteratura infantil española
_ySiglo XX
650 1 7 _2LEMB
_aAutores españoles
_ySiglo XX
650 1 7 _2LEMB
_aMitología griega
650 1 7 _2LEMB
_aMitología clásica
700 1 _aCamargo, Felipe
_eilustrador
_923516
942 _2loc
_cBKLIT
999 _c8942
_d8942